000 00305nam a22001337a 4500
008 170527b xxu||||| |||| 00| 0 eng d
020 _a9780309063630
041 _aeng
080 _a62
100 _a27
101 _aIM
245 _aADVISER, TEACHER, ROLE MODEL, FRIEND
_cMCCRAY, L.E
942 _2udc
_cBK
999 _c14626
_d14626